书目信息 |
| 题名: |
走进智慧课堂
|
|
| 作者: | 谢幼如 , 邱艺 编著 | |
| 分册: | ||
| 出版信息: | 北京 北京师范大学出版社 2019 |
|
| 页数: | 142页 | |
| 开本: | 26cm | |
| 丛书名: | 新时代课堂变革与创新丛书 | |
| 单 册: | ||
| 中图分类: | G424.21 | |
| 科图分类: | ||
| 主题词: | 课堂教学--教学研究 | |
| 电子资源: | ||
| ISBN: | 978-7-303-24186-6 | |
| 000 | 00855nam0 2200241 450 | |
| 001 | 2050255783 | |
| 005 | 20201127135843.63 | |
| 010 | @a978-7-303-24186-6@dCNY28.00 | |
| 100 | @a20190604d2019 em y0chiy50 ea | |
| 101 | 0 | @achi |
| 102 | @aCN@b110000 | |
| 105 | @aa z 000yy | |
| 200 | 1 | @a走进智慧课堂@9zou jin zhi hui ke tang@b专著@f谢幼如,邱艺编著 |
| 210 | @a北京@c北京师范大学出版社@d2019 | |
| 215 | @a142页@c图@d26cm | |
| 225 | 1 | @a新时代课堂变革与创新丛书 |
| 330 | @a本书内容共五章。从“互联网+”时代的课堂变革起航,带您认识智慧课堂基本内涵,了解智慧课堂环境,助您掌握智慧课堂教学设计方法,应用各种新型智慧课堂教学模式,开展智慧课堂教学评价。 | |
| 606 | 0 | @a课堂教学@x教学研究 |
| 690 | @aG424.21@v5 | |
| 701 | 0 | @a谢幼如@9xie you ru@4编著 |
| 701 | 0 | @a邱艺@9qiu yi@4编著 |
| 801 | 2 | @aCN@b58marc.cn@c20191026 |
| 905 | @aMUSE@dG424.21@e12 | |
| 走进智慧课堂/谢幼如,邱艺编著.-北京:北京师范大学出版社,2019 |
| 142页:图;26cm.-(新时代课堂变革与创新丛书) |
| ISBN 978-7-303-24186-6:CNY28.00 |
| 本书内容共五章。从“互联网+”时代的课堂变革起航,带您认识智慧课堂基本内涵,了解智慧课堂环境,助您掌握智慧课堂教学设计方法,应用各种新型智慧课堂教学模式,开展智慧课堂教学评价。 |
| ● |
| 相关链接 |
|
|
|
正题名:走进智慧课堂
索取号:G424.21/12
 
预约/预借
| 序号 | 登录号 | 条形码 | 馆藏地/架位号 | 状态 | 备注 |
| 1 | 871185 | 2000871185 | 第二书库/ [索取号:G424.21/12] | 在馆 | |
| 2 | 871186 | 2000871186 | 第二书库/ [索取号:G424.21/12] | 在馆 | |
| 3 | 871187 | 2000871187 | 第二书库/ [索取号:G424.21/12] | 在馆 |